Normal view
MARC view
- Niños
Entry Materia
Number of records used in: 369
001 - NÚMERO DE CONTROL DEL REGISTRO
- campo de control: 4876
003 - IDENTIFICADOR DE NUMERO DE CONTROL
- campo de control: UPN
005 - FECHA Y HORA DE LA ÚLTIMA TRANSACCIÓN
- campo de control: 20240109111652.0
008 - DATOS DE LONGITUD FIJA
- campo de control de longitud fija: 221024n||acnnnbabn | ana |d
035 ## - NÚMERO DE CONTROL DEL SISTEMA
- Número de control del sistema: UPN10000004876
040 ## - FUENTE DE LA CATALOGACIÓN
- Centro catalogador de origen: UPN
- Lengua de catalogación: spa
- Agencia de transcripción: UPN
046 ## - FECHAS CON CODIFICACIÓN ESPECIAL
- Fecha final para contenidos agregados: 2022
053 #4 - NÚMERO CLASIFICADOR - BIBLIOTECA DEL CONGRESO (LC)
- Elemento numérico de la clasificación - Número único o no. inicial del rango: RJ101
- Elemento numérico de la clasificación - Número único o no. final del rango: RJ103
150 ## - ENCABEZAMIENTO - TEMÁTICO
- Término de materia o nombre geográfico como elemento inicial: Niños
- Subdivisión de materia general: Salud e higiene
450 ## - VÉASE - MATERIA
- Encabezamiento temático: Niños -
- Subdivisión temática general: Cuidado e higiene
450 ## - VÉASE - MATERIA
- Encabezamiento temático: Puericultura
550 ## - VÉASE ADEMÁS - MATERIA
- Encabezamiento temático o nombre geográfico como elemento de entrada: CUIDADO DEL NIÑO
670 ## - FUENTE EN LA QUE SE LOCALIZARON DATOS
- Cita de la fuente: LC
- Información localizada: Children - Health and hygiene
902 ## - CATALOGADOR
- Catalogador: CAA/200407
